Verfahren zur Analyse saisonaler Schwankungen in ökonomischen Zeitreihen
Enregistré dans:
| Auteur principal: | |
|---|---|
| Format: | Livre |
| Langue: | allemand |
| Publié: |
Berlin
Springer
1980
|
| Tags: |
Pas de tags, Soyez le premier à ajouter un tag!
|
MARC
| LEADER | 00000nam a2200000 4500 | ||
|---|---|---|---|
| 001 | c139727 | ||
| 005 | 20041019155316.8 | ||
| 041 | 0 | |a ger | |
| 044 | |a DE | ||
| 245 | 1 | 0 | |a Verfahren zur Analyse saisonaler Schwankungen in ökonomischen Zeitreihen |c Winfried Stier |
| 264 | 1 | |a Berlin |b Springer |c 1980 | |
| 300 | |a 136 s. | ||
| 100 | 1 | |a Stier, Winfried | |